000 00284nam a22001337a 4500
003 SGT
082 _a9788131253809
_bMAH
100 _aMAHMOOD TAHIR
245 _aINTRODUCTION TO MUSLIM LAW
250 _a2
260 _aGURGAON
_bLEXIS NEXIS
_c2026
300 _a244
942 _2ddc
_cBK
999 _c34123
_d34123